Fire drills : stories /

Bibliographic Details
Main Author: Greenberg, Barbara L., 1932-
Format: Book
Language:English
Published: Columbia : University of Missouri Press, 1982.
Series:Breakthrough book ; no. 38.

MARC

Tag First Indicator Second Indicator Subfields
LEADER 00000pam a2200000 a 4500
001 in00000049834
005 20151007075830.0
008 811023s1982 mou s00011 eng
010 |a  81069837  
020 |a 0826203639 (pbk.) 
035 |a (OCoLC)07947676 
035 |9 AAF3878AM 
039 0 |a 2  |b 3  |c 3  |d 3  |e 3 
040 |a DLC  |c DLC  |d TXA  |d UtOrBLW 
049 |a TXAM  |c [1362379] 
050 0 0 |a PS3557.R378  |b F5 1982 
082 0 |a 813/.54  |2 19 
100 1 |a Greenberg, Barbara L.,  |d 1932- 
245 1 0 |a Fire drills :  |b stories /  |c by Barbara L. Greenberg. 
264 1 |a Columbia :  |b University of Missouri Press,  |c 1982. 
300 |a 100 pages ;  |c 22 cm. 
336 |a text  |b txt  |2 rdacontent 
337 |a unmediated  |b n  |2 rdamedia 
338 |a volume  |b nc  |2 rdacarrier 
490 1 |a A Breakthrough book ;  |v no. 38 
830 0 |a Breakthrough book ;  |v no. 38. 
999 |a MARS 
999 f f |s fde66187-778e-343b-9602-64e1bd70bfa0  |i c91de31a-d8ac-3f57-bdbb-e088567787ff  |t 0 
952 f f |p ric  |a Texas A&M University  |b Rellis Campus  |c Joint Library Facility  |d Remote Storage  |t 0  |e PS3557.R378 F5 1982  |h Library of Congress classification  |i unmediated -- volume  |m A14805942288 
998 f f |a PS3557.R378 F5 1982  |t 0  |l Remote Storage